Logo BPK

Biblioteka

Politechniki Koszalińskiej

Ein Jahrhundert wird abgewählt : (Rekord nr 50665)

Szczegóły MARC
000 -ETYKIETA REKORDU
podpole kontrolne o stałej długości 00631nam a2200193 i 4500
001 - NUMER KONTROLNY REKORDU
pole kontrolne bgj
020 ## - MIĘDZYNARODOWY ZNORMALIZOWANY NUMER KSIĄŻKI - ISBN
ISBN 342330328X
040 ## - ŹRÓDŁO KATALOGOWANIA
Instytucja, która utworzyła rekord BPK
041 0# - KOD JĘZYKA
Kod języka tekstu ger
Kod języka oryginału eng
920 ## - Międzynarodowy znormalizowany numer książki – ISBN
ISBN 3-423-30328-X
008 - POLE O STAŁEJ DŁUGOŚCI - DANE KONTROLNE
podpole kontrolne o stałej długości s gw f |000 0 ger
100 1# - NAZWA OSOBOWA
Nazwa osobowa ASH, Timothy Garton.
245 10 - TYTUŁ/ODPOWIEDZIALNOŚĆ
Tytuł Ein Jahrhundert wird abgewählt :
Ciąg dalszy tytułu Aus den Zentren Mitteleuropas 1980-1990 /
Pozostałe elementy strefy tytułu i oznaczenia odpowiedzialności Timothy Garton Ash ; Aus dem Englischen von Yvonne Badal.
260 ## - STREFA ADRESU WYDAWNICZEGO
Miejsce wydania München :
Nazwa wydawcy/dystrybutora Deutscher Taschenbuch Verlag,
Data publikacji, dystrybucji/powstania dokumentu 1992.
300 ## - STREFA OPISU FIZYCZNEGO
Objętość 420, [1] S. ;
Rozmiary 20 cm.
651 #9 - HASŁO PRZEDMIOTOWE W FORMIE NAZWY GEOGRAFICZNEJ
Nazwa geograficzna Mitteleuropa
Określnik ogólny Geschichte, 1980-1990
Określnik chronologiczny 1980-1990
700 1# - HASŁO DODATKOWE - NAZWA OSOBOWA
Nazwa osobowa BADAL, Yvonne.
856 ## - LOKALIZACJA I DOSTĘP DO ELEKTRONICZNYCH DOKUMENTÓW ZDALNYCH
Link (URL) http://koha.tu.koszalin.pl/cgi-bin/koha/opac-detail.pl?biblionumber=50665
Tekst linku Katalog online BPK
942 ## - DODATKOWE ELEMENTY (KOHA)
Typ dokumentu Książka
Egzemplarze
Wycofany Status egzemplarza Uszkodzony Dostępność Lokalizacja stała Lokalizacja bieżąca Miejsce przechowywania Sygnatura Kod kreskowy Dział Typ dokumentu
      Tylko na miejscu Biblioteka Politechniki Koszalińskiej Biblioteka Politechniki Koszalińskiej Czytelnia Wydziałowa ul. Kwiatkowskiego 6e N 754 01581959 93/94=112.2 Historia (język niemiecki) Książka
© 2023 Biblioteka Politechniki Koszalińskiej :: KOHA